000 00772nam a22002177a 4500
999 _c18146
_d18146
003 AR-CdUCM
008 190513b ||||| |||| 00| 0 spa d
040 _aMUNICIPALIDAD PROVINCIAL DEL CUSCO
_cBIBLIOTECA MUNICIPAL DEL CUSCO
082 _a810.5 /
_bH37
100 _aHellman, Hal
_938562
245 _aLa ciudad en el mundo del futuro /
260 _aBuenos Aires :
_bDistribuidora Argentina,
_c1976
300 _a141 páginas ;
_c19 cm.
505 _aContenido : Una ojeada al futuro -- ¿Que es una ciudad ? -- Nuevos métodos de construcción -- Vivienda ...
650 _aLiteratura
_983
650 _aNorte Americana
_938563
650 _aSiglo XX
_98
700 _aLeal, Anibal Carlos (Traducción)
_938564
942 _2ddc
_cLIBROS
945 _arah
_d2019/05/13